| 000 | 00671nam a2200193Ia 4500 | ||
|---|---|---|---|
| 003 | GCL | ||
| 005 | 20240530104912.0 | ||
| 008 | 140319s9999 xx 000 0 ara d | ||
| 040 |
_aGCL / _cGCL |
||
| 082 | 0 | 4 |
_a810.982 _bا ا |
| 100 | 1 | _aاحمد صادق الجمال | |
| 245 | 1 | 2 |
_aالادب العامى فى مصر فى العصر المملوكى / _cاحمد صادق الجمال |
| 300 | _a228 ص | ||
| 490 |
_aالهيئة العامة للاستعلامات _v0 |
||
| 650 | 0 | 4 | _aالمماليك |
| 650 | 0 | 4 | _aمصر - تاريخ - عصر المماليك ( 1250-1517 م ) |
| 650 | 0 | 4 | _aاللغة العربية-العامية- مصر |
| 942 |
_2ddc _cBK |
||
| 999 |
_c51634 _d51634 |
||